Student Solutions Manual to Accompany Investments, Eighth Edition [by] Zvi Bodie, Alex Kane, Alan J. Marcus : (Record no. 609555)

MARC details
000 -LEADER
fixed length control field 00517nam a2200181 a 4500
001 - CONTROL NUMBER
control field 1769763991366
003 - CONTROL NUMBER IDENTIFIER
control field YourLibrary
005 - DATE AND TIME OF LATEST TRANSACTION
control field 20260131161945.0
008 - FIXED-LENGTH DATA ELEMENTS--GENERAL INFORMATION
fixed length control field 260130s2009##################000#0#eng##
020 ## - INTERNATIONAL STANDARD BOOK NUMBER
International Standard Book Number 9780073363561
082 04 - DEWEY DECIMAL CLASSIFICATION NUMBER
Classification number 332
Item number BOD
040 ## - CATALOGING SOURCE
Original cataloging agency YourLibrary
Language of cataloging eng
Transcribing agency YourLibrary
245 10 - TITLE STATEMENT
Title Student Solutions Manual to Accompany Investments, Eighth Edition [by] Zvi Bodie, Alex Kane, Alan J. Marcus :
260 ## - PUBLICATION, DISTRIBUTION, ETC.
Date of publication, distribution, etc. 2009.
300 ## - PHYSICAL DESCRIPTION
Extent 228 pages
650 #0 - SUBJECT ADDED ENTRY--TOPICAL TERM
Topical term or geographic name entry element Investments.
942 ## - ADDED ENTRY ELEMENTS (KOHA)
Koha item type English Books
Holdings
Withdrawn status Lost status Damaged status Not for loan Home library Current library Shelving location Date acquired Total Checkouts Full call number Barcode Date last seen Price effective from Koha item type
        Anna Centenary Library Anna Centenary Library 4TH FLOOR, A WING 31.01.2026   332 BOD 403479 31.01.2026 31.01.2026 English Books

Find us on the map